| 000 | 00910aab a2200217 4500 | ||
|---|---|---|---|
| 001 | 768714001 | ||
| 003 | CO-MdFUSB | ||
| 005 | 20250804124358.0 | ||
| 008 | 240419t1994 ag ||||| |||| 00| 0 spa d | ||
| 040 |
_bspa _cCO-MdFUSB |
||
| 041 | _aspa | ||
| 100 | 1 |
_aPadilla, C. René _eautor |
|
| 245 |
_aComunidad y misión _c/ C. René Padilla |
||
| 300 |
_aVolumen 13, número 2 (abril - junio, 1994), páginas: 4 - 5 _c; 27 cm |
||
| 520 | _aEstamos llamados a participar de la misión de Dios a partir de la calidad de vida de nuestras congregaciones locales, quienes representan a la Iglesia como instrumento para el desempeño de su labor a nivel internacional. | ||
| 650 | 0 |
_aMisiones _9154 |
|
| 650 | 7 |
_aTeología pastoral y unidad cristiana _97183 |
|
| 773 | 0 |
_tIglesia y Misión _049402 _959647 _gVolumen 13, número 2 (abril - junio, 1994), páginas: 4 - 5 _qpágina: 4 |
|
| 942 | _cANA | ||
| 945 | _aJTF-925 | ||
| 999 |
_c52050 _d52050 |
||